[Event "KLASYFIKACYJNY BIALYSTOK WIOSNA 2012"]
[Site "ZSI Nr 1 Bialystok"]
[Date "2012.??.??"]
[Round "1.1"]
[White "Szostko, Jakub"]
[Black "Kostyra, Stanislaw"]
[Result "0-1"]
[WhiteElo "1740"]
[BlackElo "2287"]
[PlyCount "118"]
[EventDate "2012.??.??"]

1. e4 c5 2. Nf3 e6 3. d4 cxd4 4. Nxd4 Nf6 5. Nc3 d6 6. Be2 a6 7. O-O b5 8. a3
Bb7 9. Bd3 Nbd7 10. Kh1 Nc5 11. Qe1 g6 12. Bg5 h6 13. Bh4 Bg7 14. f4 g5 15. Bg3
Nh5 16. Nde2 gxf4 17. Nxf4 Nxg3+ 18. Qxg3 Qg5 19. Qf3 O-O 20. Qh3 Be5 21. Nh5
f5 22. exf5 Nxd3 23. cxd3 Rxf5 24. Rxf5 Qxf5 25. Qxf5 exf5 26. Rf1 Rc8 27. Rxf5
Bxc3 28. bxc3 Rxc3 29. Nf6+ Kg7 30. Ne8+ Kg6 31. Rf6+ Kg5 32. h4+ Kxh4 33.
Rxh6+ Kg3 34. Rg6+ Kf2 35. Rf6+ Ke2 36. Rxd6 Rxa3 37. Rb6 Bd5 38. Nc7 Rxd3 39.
Nxb5 axb5 40. Rxb5 Kf1 41. Rb1+ Kf2 42. Kh2 Rd2 43. Rb8 Ke3 44. Re8+ Kd4 45.
Rd8 Rxg2+ 46. Kh3 Rg7 47. Rf8 Be4 48. Rf6 Ke5 49. Rf8 Bf5+ 50. Kh2 Kf4 51. Rb8
Rh7+ 52. Kg1 Be4 53. Kf2 Rh2+ 54. Kg1 Rd2 55. Rf8+ Ke3 56. Re8 Rg2+ 57. Kf1 Rh2
58. Rg8 Rb2 59. Rg3+ Bf3 0-1

[Event "KLASYFIKACYJNY BIALYSTOK WIOSNA 2012"]
[Site "ZSI Nr 1 Bialystok"]
[Date "2012.??.??"]
[Round "1.2"]
[White "Khamitskiy, Sergei"]
[Black "Filewicz, Przemyslaw"]
[Result "1-0"]
[WhiteElo "2284"]
[BlackElo "1631"]
[PlyCount "97"]
[EventDate "2012.??.??"]

1. d4 d5 2. c4 c6 3. Nf3 Nf6 4. Nc3 e6 5. g3 Bd6 6. Bg2 O-O 7. O-O Nbd7 8. Nd2
Bb4 9. Qb3 Qe7 10. e4 Bxc3 11. Qxc3 dxe4 12. Nxe4 Nxe4 13. Bxe4 e5 14. dxe5
Qxe5 15. Qxe5 Nxe5 16. b3 f5 17. Bg2 Bd7 18. Rd1 Be8 19. Bb2 Ng4 20. Rd6 Bg6
21. Rad1 Rae8 22. h3 Re2 23. Bd4 Nf6 24. Bxf6 Rxf6 25. Rxf6 gxf6 26. Rd8+ Kf7
27. Bf3 Re8 28. Rd4 Ke7 29. c5 Rd8 30. Ra4 a6 31. Rb4 Rd7 32. Kf1 Ke6 33. Ke2
Re7 34. Rd4 Rd7 35. Ke3 Rxd4 36. Kxd4 Kd7 37. b4 Bf7 38. a3 h6 39. Ke3 Bc4 40.
Bd1 Bf1 41. h4 Bc4 42. Bc2 Kc7 43. Kf4 Be6 44. Bxf5 Bf7 45. Bh3 Bg6 46. Bg2 b6
47. Be4 Be8 48. Kf5 a5 49. Kxf6 1-0

[Event "KLASYFIKACYJNY BIALYSTOK WIOSNA 2012"]
[Site "ZSI Nr 1 Bialystok"]
[Date "2012.??.??"]
[Round "1.3"]
[White "Burakowska, Gabriela"]
[Black "Smirnov, Aleksander"]
[Result "0-1"]
[WhiteElo "1619"]
[BlackElo "2164"]
[PlyCount "90"]
[EventDate "2012.??.??"]

1. d4 d5 2. Nf3 Nf6 3. Bf4 e6 4. e3 c5 5. c4 Nc6 6. Nc3 a6 7. Ne5 cxd4 8. Nxc6
bxc6 9. exd4 dxc4 10. Bxc4 Bd6 11. Bxd6 Qxd6 12. O-O O-O 13. Bb3 Rd8 14. Qf3
Bb7 15. Rfd1 Rab8 16. h3 Qb4 17. Qe3 a5 18. Na4 Nd5 19. Qd3 Nf4 20. Qe3 Rxd4
21. Rxd4 Qxd4 22. Qxd4 Ne2+ 23. Kf1 Nxd4 24. Nc5 Bc8 25. Rd1 e5 26. f4 Kf8 27.
fxe5 Nxb3 28. axb3 Ke7 29. Rc1 h5 30. Ke2 Bf5 31. Ra1 Rb5 32. Rc1 g6 33. Rc3
Be6 34. Kd2 h4 35. Nxe6 Kxe6 36. Rxc6+ Kxe5 37. Kc3 Kf4 38. Rc4+ Kg3 39. Rg4+
Kh2 40. Rxh4 Kxg2 41. Rh7 Rf5 42. Kc4 f6 43. Kd4 g5 44. Rh5 Rf3 45. Rh6 Kg3 0-1

[Event "KLASYFIKACYJNY BIALYSTOK WIOSNA 2012"]
[Site "ZSI Nr 1 Bialystok"]
[Date "2012.??.??"]
[Round "1.4"]
[White "Walewski, Wojciech"]
[Black "Kosakowski, Jakub"]
[Result "1-0"]
[WhiteElo "2075"]
[BlackElo "1561"]
[PlyCount "129"]
[EventDate "2012.??.??"]

1. d4 Nf6 2. c4 g6 3. Nc3 d5 4. Nf3 Bg7 5. Qb3 e6 6. Bg5 dxc4 7. Qxc4 h6 8. Bh4
Nc6 9. Rd1 g5 10. Bg3 Nd5 11. e4 Nb6 12. Qc5 g4 13. d5 Nd7 14. Qc4 Na5 15. Qa4
gxf3 16. Qxa5 b6 17. Qa4 e5 18. gxf3 O-O 19. Bg2 Bb7 20. O-O Qe7 21. Rfe1 Nc5
22. Qc2 a5 23. f4 exf4 24. Bxf4 Be5 25. Bg3 Qg5 26. Ne2 Bxg3 27. hxg3 Rad8 28.
Nd4 Rfe8 29. Qc3 Qg6 30. Qf3 Re5 31. Re3 Rde8 32. Rde1 Nd7 33. Bh3 Nf6 34. Bf5
Qg7 35. Nb5 R8e7 36. Qf4 Ba6 37. Nd4 Bb7 38. Bh3 Qg5 39. Nf5 Re8 40. Nxh6+ Kf8
41. Qxg5 Rxg5 42. Nf5 Bc8 43. f4 Rh5 44. Kg2 Bxf5 45. Bxf5 Nxd5 46. R3e2 Nb4
47. Bg4 Rc5 48. a3 Nc6 49. Rd1 Re7 50. Bf3 a4 51. Kf2 Na5 52. Rd4 b5 53. e5 Nb3
54. Rd5 Rxd5 55. Bxd5 c5 56. Bxb3 axb3 57. Ke3 Rd7 58. Rd2 Rxd2 59. Kxd2 Ke7
60. Kc3 c4 61. a4 bxa4 62. Kxc4 a3 63. Kxb3 axb2 64. Kxb2 Ke6 65. Kc3 1-0

[Event "KLASYFIKACYJNY BIALYSTOK WIOSNA 2012"]
[Site "ZSI Nr 1 Bialystok"]
[Date "2012.??.??"]
[Round "1.5"]
[White "Kurnicki, Mateusz"]
[Black "Borawski, Jakub"]
[Result "0-1"]
[WhiteElo "1541"]
[BlackElo "1926"]
[PlyCount "56"]
[EventDate "2012.??.??"]

1. e4 e5 2. Nf3 Nc6 3. Bb5 a6 4. Bxc6 dxc6 5. d4 exd4 6. Qxd4 Qxd4 7. Nxd4 Bd7
8. Nc3 O-O-O 9. Nb3 Re8 10. O-O Bb4 11. Re1 Ne7 12. Bd2 Ng6 13. Na4 Bxd2 14.
Nxd2 b6 15. b3 c5 16. Nb2 f5 17. exf5 Bxf5 18. c4 Nf4 19. Nf3 Ne2+ 20. Kf1 Nd4
21. Re3 Rxe3 22. fxe3 Nc2 23. Rc1 Nxe3+ 24. Kf2 Ng4+ 25. Kg3 Nf6 26. Re1 h6 27.
Nd1 g5 28. Ne3 Ne4# 0-1

[Event "KLASYFIKACYJNY BIALYSTOK WIOSNA 2012"]
[Site "ZSI Nr 1 Bialystok"]
[Date "2012.??.??"]
[Round "1.6"]
[White "Strojek, Kazimierz"]
[Black "Widelski, Kacper"]
[Result "1-0"]
[WhiteElo "1759"]
[BlackElo "1533"]
[PlyCount "87"]
[EventDate "2012.??.??"]

1. e4 c5 2. Nc3 g6 3. g3 Bg7 4. Bg2 d6 5. d3 e6 6. Be3 Ne7 7. Qd2 Nbc6 8. Bh6
O-O 9. h4 f6 10. Nge2 Rb8 11. g4 Rf7 12. Bxg7 Rxg7 13. h5 Qe8 14. f3 b5 15. d4
b4 16. Nd1 Ba6 17. c3 Na5 18. b3 Nec6 19. c4 Rd8 20. d5 exd5 21. Qxd5+ Qf7 22.
Qxf7+ Kxf7 23. hxg6+ hxg6 24. Ne3 Ne5 25. O-O-O Bc8 26. Nf4 Nac6 27. Ne2 Be6
28. Rh4 g5 29. Rh6 Ng6 30. Rdh1 Nce5 31. Kd2 Nh4 32. Ng1 Rf8 33. Ke2 a5 34. Nh3
Kg8 35. Rd1 Rd7 36. Bh1 Kg7 37. Rh5 Bf7 38. Rxh4 gxh4 39. f4 Nc6 40. Nf5+ Kg6
41. Nxh4+ Kh7 42. g5 Bh5+ 43. Bf3 Nd4+ 44. Ke3 1-0

[Event "KLASYFIKACYJNY BIALYSTOK WIOSNA 2012"]
[Site "ZSI Nr 1 Bialystok"]
[Date "2012.??.??"]
[Round "1.7"]
[White "Ocytko, Michal"]
[Black "Filimoniuk, Marcin"]
[Result "0-1"]
[WhiteElo "1318"]
[BlackElo "1749"]
[PlyCount "96"]
[EventDate "2012.??.??"]

1. d4 e6 2. Nf3 f5 3. g3 Nf6 4. Bg2 Be7 5. O-O O-O 6. c3 c5 7. e3 Nc6 8. Nbd2
Rb8 9. dxc5 Bxc5 10. Nb3 Be7 11. Nbd4 Ne4 12. Nd2 Nc5 13. b3 Nd3 14. Qc2 Nxc1
15. Qxc1 e5 16. Nxc6 bxc6 17. Rb1 d5 18. c4 Be6 19. cxd5 cxd5 20. Nf3 Qd6 21.
Qd2 g5 22. h4 h6 23. Rfd1 Rfd8 24. hxg5 hxg5 25. Qe2 g4 26. Nh2 Rbc8 27. Rbc1
Rxc1 28. Rxc1 Rc8 29. Rxc8+ Bxc8 30. Qb5 Be6 31. Nf1 Kf7 32. Qa4 Qa3 33. Qxa3
Bxa3 34. f3 Bc5 35. fxg4 fxg4 36. Kf2 Ke7 37. Ke2 Kd6 38. Kd3 Bc8 39. Kc3 Bb7
40. Kd2 Ba6 41. Nh2 Bb4+ 42. Kc2 d4 43. exd4 exd4 44. Nxg4 Be2 45. Nh2 d3+ 46.
Kc1 d2+ 47. Kb2 d1=Q 48. Nf3 Bd3 0-1

[Event "KLASYFIKACYJNY BIALYSTOK WIOSNA 2012"]
[Site "XSI Nr 1 Bialystok"]
[Date "2012.??.??"]
[Round "2.1"]
[White "Kostyra, Stanislaw"]
[Black "Borawski, Jakub"]
[Result "1-0"]
[WhiteElo "2287"]
[BlackElo "1926"]
[PlyCount "57"]
[EventDate "2012.??.??"]

1. Nf3 d5 2. c4 c6 3. d4 Nf6 4. Nc3 Bf5 5. Qb3 Qb6 6. c5 Qc7 7. Bf4 Qc8 8. e3
Nbd7 9. h3 h6 10. g4 Bh7 11. Rc1 Ne4 12. Be2 g5 13. Bh2 Bg7 14. h4 gxh4 15.
Nxh4 e5 16. Nf5 Bxf5 17. gxf5 exd4 18. Nxe4 dxe4 19. Bh5 O-O 20. exd4 Nf6 21.
Qh3 Qd8 22. Be5 Nxh5 23. Qxh5 f6 24. Bd6 Qa5+ 25. Rc3 Qxa2 26. O-O Rfe8 27. Rg3
Kh7 28. Kh2 Rg8 29. Rfg1 1-0

[Event "KLASYFIKACYJNY BIALYSTOK WIOSNA 2012"]
[Site "XSI Nr 1 Bialystok"]
[Date "2012.??.??"]
[Round "2.2"]
[White "Filimoniuk, Marcin"]
[Black "Khamitskiy, Sergei"]
[Result "1/2-1/2"]
[WhiteElo "1749"]
[BlackElo "2284"]
[PlyCount "177"]
[EventDate "2012.??.??"]

1. Nf3 Nf6 2. d4 d5 3. g3 e6 4. Bg2 b5 5. O-O Nbd7 6. Nbd2 Bb7 7. b3 b4 8. a3
a5 9. axb4 axb4 10. Bb2 Be7 11. Rxa8 Qxa8 12. Qa1 O-O 13. Qxa8 Rxa8 14. Ra1
Rxa1+ 15. Bxa1 Ba6 16. Bf1 Ne4 17. Nxe4 dxe4 18. Nd2 f5 19. Nc4 Nf6 20. Ne3 g5
21. c3 bxc3 22. Bxc3 Nd5 23. Nxd5 exd5 24. Ba5 Bd6 25. Bd2 h6 26. Bh3 Bxe2 27.
Bxf5 Kf7 28. Bd7 Bd1 29. b4 Ke7 30. Bc6 Ke6 31. b5 Ba3 32. h4 Bb2 33. hxg5 hxg5
34. Ba5 Bxd4 35. Bxc7 Ba4 36. Bd8 g4 37. Bc7 Bc5 38. Bf4 Bb6 39. Kf1 Bc2 40.
Ke1 Bd3 41. Be3 d4 42. Bd2 e3 43. Bb4 Bc4 44. Bb7 Bxb5 45. fxe3 dxe3 46. Bc8+
Kd5 47. Bxg4 Kc4 48. Bd6 Ba5+ 49. Kf1 Kc3+ 50. Be2 Bd7 51. g4 Kd4 52. Bg3 Ke4
53. Kg2 Bd8 54. Kf1 Bg5 55. Kg2 Kd4 56. Be1 Bc6+ 57. Kf1 Ke4 58. Bg3 Bf6 59.
Kg2 Bd7 60. Kf1 Bc3 61. Kg2 Kd4 62. Bh4 Bc6+ 63. Kf1 Ke5 64. Bg3+ Kd4 65. Bh4
Bd2 66. Be1 Bh1 67. Bh4 Ke4 68. Bg3 Bb4 69. Ba6 Kd4 70. Ke2 Bd5 71. g5 Bf7 72.
Bc7 Bh5+ 73. Kf1 Be7 74. Bb6+ Ke4 75. Bb7+ Kf4 76. Bc7+ Kxg5 77. Ba6 Bg4 78.
Be2 Bh3+ 79. Ke1 Bb4+ 80. Kd1 Bd7 81. Bd3 Bd2 82. Bg3 Ba5 83. Ke2 Bb6 84. Bh2
Bg4+ 85. Kf1 Kf6 86. Bf4 Ke6 87. Be2 Bh3+ 88. Kg1 Kf5 89. Kh2 1/2-1/2

[Event "KLASYFIKACYJNY BIALYSTOK WIOSNA 2012"]
[Site "XSI Nr 1 Bialystok"]
[Date "2012.??.??"]
[Round "2.4"]
[White "Widelski, Kacper"]
[Black "Walewski, Wojciech"]
[Result "0-1"]
[WhiteElo "1533"]
[BlackElo "2075"]
[PlyCount "104"]
[EventDate "2012.??.??"]

1. d4 d5 2. f4 Nf6 3. Nf3 g6 4. e3 Bg7 5. Bd3 O-O 6. O-O b6 7. Nbd2 Bb7 8. Qe1
c5 9. c3 Ne4 10. Qh4 f6 11. g4 e6 12. Bc2 Nd7 13. Kh1 Qc7 14. Rg1 Rae8 15. Nf1
cxd4 16. exd4 Nxc3 17. Bd3 Ne4 18. Be3 f5 19. Ng3 Ndf6 20. Ne5 Qe7 21. Rac1 Rc8
22. Bb5 a6 23. Be2 Rxc1 24. Rxc1 Rc8 25. Rxc8+ Bxc8 26. Nxe4 dxe4 27. Qe1 Nd5
28. Qd2 Qc7 29. a3 Bb7 30. Kg2 b5 31. Kf2 Bf6 32. g5 Bd8 33. h4 Nxe3 34. Kxe3
Qd6 35. h5 gxh5 36. Bxh5 Bb6 37. Qc3 Kf8 38. b4 Ke7 39. Bf7 Qc7 40. Qxc7+ Bxc7
41. Bg8 Bxe5 42. dxe5 Bd5 43. Bxh7 Kf7 44. g6+ Kg7 45. Kd4 Bc6 46. Ke3 Be8 47.
Kf2 Bxg6 48. Bxg6 Kxg6 49. Kg3 Kh5 50. Kh3 e3 51. Kg3 e2 52. Kf2 Kg4 0-1

[Event "KLASYFIKACYJNY BIALYSTOK WIOSNA 2012"]
[Site "XSI Nr 1 Bialystok"]
[Date "2012.??.??"]
[Round "2.6"]
[White "Kosakowski, Jakub"]
[Black "Szostko, Jakub"]
[Result "0-1"]
[WhiteElo "1561"]
[BlackElo "1740"]
[PlyCount "108"]
[EventDate "2012.??.??"]

1. e4 c5 2. Nf3 d6 3. d4 cxd4 4. Nxd4 Nf6 5. Nc3 a6 6. Bg5 e6 7. f4 Be7 8. Qf3
Qc7 9. O-O-O Nbd7 10. g4 b5 11. Bxf6 Bxf6 12. g5 Bxd4 13. Rxd4 O-O 14. h4 Bb7
15. Bh3 f5 16. Qh5 Nc5 17. g6 h6 18. Re1 Nxe4 19. Nxe4 Bxe4 20. Rdxe4 fxe4 21.
Bxe6+ Kh8 22. Rxe4 Qa7 23. Qg4 Rae8 24. f5 Qf2 25. b3 Qc5 26. Kb2 a5 27. Qf4
Qc6 28. Qg4 Ra8 29. a3 Ra7 30. Qe2 Rc7 31. c4 d5 32. Bxd5 Qf6+ 33. Ka2 bxc4 34.
Bxc4 Qxf5 35. Re8 Rc8 36. Rxc8 Rxc8 37. h5 Rd8 38. Kb2 Qf6+ 39. Kb1 Qc3 40. a4
Qd4 41. Bb5 Rf8 42. Qe1 Qd5 43. Bc4 Qxh5 44. Bf7 Rd8 45. Kc2 Qh2+ 46. Kc3 Qd6
47. Qe3 Qf6+ 48. Kc2 Qa1 49. Bc4 Qd1+ 50. Kc3 Qa1+ 51. Kc2 Qa2+ 52. Kc3 Qg2 53.
Bd3 Rc8+ 54. Kd4 Qb2+ 0-1

[Event "KLASYFIKACYJNY BIALYSTOK WIOSNA 2012"]
[Site "XSI Nr 1 Bialystok"]
[Date "2012.??.??"]
[Round "2.7"]
[White "Filewicz, Przemyslaw"]
[Black "Kurnicki, Mateusz"]
[Result "1/2-1/2"]
[WhiteElo "1631"]
[BlackElo "1541"]
[PlyCount "125"]
[EventDate "2012.??.??"]

1. d4 Nf6 2. Nf3 e6 3. c4 Bb4+ 4. Bd2 Bxd2+ 5. Qxd2 b6 6. g3 Bb7 7. Bg2 d6 8.
Nc3 Nbd7 9. O-O Ne4 10. Nxe4 Bxe4 11. Qf4 Nf6 12. Rac1 O-O 13. Rfd1 Qe7 14. Bh3
h6 15. Nd2 g5 16. Qe3 Bb7 17. Qd3 g4 18. Bg2 Bxg2 19. Kxg2 Nh7 20. f4 f5 21. e4
Rae8 22. e5 dxe5 23. dxe5 Rd8 24. Qe2 c5 25. Nb1 Kf7 26. Nc3 a6 27. Rxd8 Rxd8
28. Rd1 Qc7 29. Kg1 Ke7 30. Qc2 Rxd1+ 31. Qxd1 Qd7 32. Kf2 Qxd1 33. Nxd1 Kd7
34. Ke2 Kc7 35. a3 Nf8 36. Ne3 Nd7 37. b4 Nb8 38. b5 a5 39. Kd3 Nd7 40. Kc3 Nf8
41. Kb3 Kd7 42. Nc2 Kc7 43. Ka4 Kd7 44. Na1 Kc7 45. Nb3 Kb7 46. Nxc5+ bxc5 47.
Kxa5 Nd7 48. b6 Nxb6 49. Kb5 Nd7 50. a4 Nxe5 51. fxe5 h5 52. Kxc5 f4 53. gxf4
h4 54. f5 g3 55. hxg3 hxg3 56. f6 g2 57. f7 g1=Q+ 58. Kd6 Qf2 59. Kxe6 Qb6+ 60.
Ke7 Qc7+ 61. Kf6 Qd8+ 62. Kg7 Qg5+ 63. Kh7 1/2-1/2

[Event "KLASYFIKACYJNY BIALYSTOK WIOSNA 2012"]
[Site "ZSI Nr 1 Bialystok"]
[Date "2012.??.??"]
[Round "3.1"]
[White "Walewski, Wojciech"]
[Black "Kostyra, Stanislaw"]
[Result "1/2-1/2"]
[WhiteElo "2075"]
[BlackElo "2287"]
[PlyCount "141"]
[EventDate "2012.??.??"]

1. d4 Nf6 2. c4 e6 3. Nc3 d5 4. Bg5 Bb4 5. e3 Nbd7 6. a3 h6 7. Bh4 Bxc3+ 8.
bxc3 c5 9. cxd5 Qa5 10. Qb3 Nxd5 11. Rc1 cxd4 12. exd4 O-O 13. Nf3 N7b6 14. Nd2
Bd7 15. c4 Rac8 16. Bg3 e5 17. dxe5 f5 18. f4 g5 19. Bd3 gxf4 20. Bf2 Ba4 21.
Qb2 Ne3 22. Ke2 Bc6 23. Nf3 Rcd8 24. Qc3 Qxc3 25. Rxc3 Na4 26. Rcc1 Nb2 27. Bb1
Nbxc4 28. g3 Bb5 29. a4 Ba6 30. Ba2 Kh7 31. Bxe3 Nxe5+ 32. Kf2 fxe3+ 33. Kg2
Nxf3 34. Kxf3 Rd2 35. Bc4 Re8 36. Rhf1 Bxc4 37. Rxc4 Re7 38. h4 Kg6 39. Rc3 Ra2
40. Rc4 e2 41. Re1 Kh5 42. Rb4 Ra3+ 43. Kf2 Rae3 44. Rf4 Kg6 45. Rb4 b6 46. a5
bxa5 47. Rb5 R3e5 48. Rb3 a4 49. Rb4 Re4 50. Rb5 a6 51. Ra5 R7e6 52. Kf3 Re3+
53. Kf2 Kf6 54. Rxa4 R3e4 55. Ra5 Kg6 56. Kf3 Re3+ 57. Kf2 R3e5 58. Ra4 Kh5 59.
Kf3 a5 60. Kf2 Re7 61. Kf3 Re3+ 62. Kf2 R7e5 63. Rxa5 Rxa5 64. Kxe3 Kg4 65. Kf2
Re5 66. Kg2 Re8 67. Kf2 h5 68. Kg2 f4 69. gxf4 Kxf4 70. Kf2 Kg4 71. Rxe2
1/2-1/2

[Event "KLASYFIKACYJNY BIALYSTOK WIOSNA 2012"]
[Site "ZSI Nr 1 Bialystok"]
[Date "2012.??.??"]
[Round "3.2"]
[White "Khamitskiy, Sergei"]
[Black "Smirnov, Aleksander"]
[Result "1-0"]
[WhiteElo "2284"]
[BlackElo "2164"]
[PlyCount "72"]
[EventDate "2012.??.??"]

1. d4 d5 2. c4 dxc4 3. Nf3 Nd7 4. e3 Nb6 5. Nbd2 Nf6 6. Nxc4 c6 7. Nfe5 Be6 8.
Be2 Nxc4 9. Nxc4 g6 10. O-O Bg7 11. f3 Nd7 12. Kh1 O-O 13. Qd2 Qc7 14. b3 Rfd8
15. Bb2 Bxc4 16. bxc4 Nb6 17. f4 f5 18. a4 Nd7 19. a5 Nf6 20. Bf3 Ne8 21. Qb4
Rab8 22. Ba3 Nd6 23. Qa4 Nf7 24. Rab1 Nd6 25. Rfc1 Ne4 26. Rb2 b6 27. axb6 axb6
28. Bxe4 fxe4 29. Qc2 c5 30. d5 e6 31. Qa4 exd5 32. cxd5 Qf7 33. Rd2 Ra8 34.
Qb3 Bf8 35. g3 g5 36. Rcd1 Qh5 1-0

[Event "KLASYFIKACYJNY BIALYSTOK WIOSNA 2012"]
[Site "ZSI Nr 1 Bialystok"]
[Date "2012.??.??"]
[Round "3.3"]
[White "Borawski, Jakub"]
[Black "Filimoniuk, Marcin"]
[Result "1-0"]
[WhiteElo "1926"]
[BlackElo "1749"]
[PlyCount "93"]
[EventDate "2012.??.??"]

1. e4 e6 2. d4 d5 3. Nc3 dxe4 4. Nxe4 Nd7 5. f4 Ngf6 6. Ng3 c5 7. Nf3 Be7 8. c3
O-O 9. Bd3 b6 10. O-O Bb7 11. f5 Bxf3 12. Qxf3 e5 13. d5 Bd6 14. c4 Qc7 15. h3
Rfe8 16. Ne4 Nxe4 17. Bxe4 Rab8 18. a4 a6 19. g4 b5 20. axb5 axb5 21. Ra6 Rb6
22. Rxb6 Qxb6 23. f6 g6 24. h4 bxc4 25. h5 Qb3 26. hxg6 hxg6 27. Qg2 Nxf6 28.
Rxf6 Qd1+ 29. Rf1 Qd4+ 30. Kh1 Kg7 31. Qf3 Rh8+ 32. Kg2 f5 33. gxf5 Rh4 34. f6+
Kf8 35. Re1 Bc7 36. f7 Ba5 37. Rh1 Rxh1 38. Kxh1 Bd2 39. Bxd2 Qxd2 40. Bxg6
Qc1+ 41. Kh2 Qxb2+ 42. Kh3 Qd2 43. d6 Qh6+ 44. Bh5 e4 45. d7 Qg5 46. Qg4 Qe3+
47. Qg3 1-0

[Event "KLASYFIKACYJNY BIALYSTOK WIOSNA 2012"]
[Site "ZSI Nr 1 Bialystok"]
[Date "2012.??.??"]
[Round "3.4"]
[White "Szostko, Jakub"]
[Black "Ocytko, Michal"]
[Result "1-0"]
[WhiteElo "1740"]
[BlackElo "1318"]
[PlyCount "63"]
[EventDate "2012.??.??"]

1. e4 d5 2. exd5 Qxd5 3. Nc3 Qd8 4. d4 c6 5. Bc4 e6 6. Nf3 Nf6 7. O-O Be7 8.
Bg5 O-O 9. Ne5 Nd5 10. Bxe7 Qxe7 11. Ne4 Nd7 12. Bd3 Nxe5 13. dxe5 Nf4 14. Qg4
Nxd3 15. cxd3 h6 16. f4 b6 17. Rf3 Bb7 18. Rg3 g6 19. Nf6+ Kg7 20. Qh4 Rh8 21.
Nh5+ Kf8 22. Qg4 Rg8 23. h4 Rg7 24. Nxg7 Kxg7 25. h5 g5 26. fxg5 Qxg5 27. Qf4
c5 28. Rxg5+ hxg5 29. Qxg5+ Kf8 30. h6 Ke8 31. h7 Kd7 32. Qg7 1-0

[Event "KLASYFIKACYJNY BIALYSTOK WIOSNA 2012"]
[Site "ZSI Nr 1 Bialystok"]
[Date "2012.??.??"]
[Round "3.6"]
[White "Kurnicki, Mateusz"]
[Black "Widelski, Kacper"]
[Result "1/2-1/2"]
[WhiteElo "1541"]
[BlackElo "1533"]
[PlyCount "95"]
[EventDate "2012.??.??"]

1. e4 c5 2. c4 Nc6 3. Nc3 e5 4. d3 g6 5. Nge2 Bg7 6. g3 Nge7 7. Bg2 O-O 8. O-O
Nd4 9. Nxd4 cxd4 10. Nd5 Nxd5 11. cxd5 d6 12. Bd2 Qb6 13. Qb3 f5 14. Qxb6 axb6
15. Bb4 Rd8 16. Rfc1 Bf8 17. a3 Rb8 18. Rc7 Bd7 19. Kf1 Kf7 20. Rac1 Ke7 21.
Ke2 Rdc8 22. Rxc8 Rxc8 23. Rxc8 Bxc8 24. f3 Kf6 25. Bd2 g5 26. h3 Kg6 27. g4
fxg4 28. fxg4 Bd7 29. Bf3 h6 30. Bb4 Kf7 31. Kd2 Ke7 32. Bd1 Kd8 33. Bc2 Kc8
34. Bb3 Kb8 35. Ke1 Ka7 36. Kd2 Kb8 37. Bd1 Kc7 38. Bc2 h5 39. Bd1 hxg4 40.
Bxg4 Bxg4 41. hxg4 Kb8 42. Kc2 Ka7 43. Kb3 Ka6 44. Ka4 Be7 45. Kb3 b5 46. Kc2
Kb6 47. Kb3 Ka6 48. Kc2 1/2-1/2

[Event "KLASYFIKACYJNY BIALYSTOK WIOSNA 2012"]
[Site "ZSI Nr 1 Bialystok"]
[Date "2012.??.??"]
[Round "3.7"]
[White "Kosakowski, Jakub"]
[Black "Filewicz, Przemyslaw"]
[Result "1-0"]
[WhiteElo "1561"]
[BlackElo "1631"]
[PlyCount "115"]
[EventDate "2012.??.??"]

1. e4 c5 2. Nf3 e6 3. d4 cxd4 4. Nxd4 Nf6 5. Nc3 d6 6. Be2 a6 7. a4 b6 8. Be3
Bb7 9. f3 Be7 10. O-O Qc7 11. Kh1 Nbd7 12. Nb3 Nc5 13. Qe1 O-O 14. Qf2 Rac8 15.
Rfd1 Rfe8 16. g4 Nfd7 17. Rd2 Bf6 18. Bd4 Ne5 19. Bxc5 bxc5 20. Rad1 Red8 21.
h4 Nc6 22. g5 Be5 23. f4 Bd4 24. Qg3 d5 25. exd5 Ne7 26. Nxd4 cxd4 27. Rxd4 Nf5
28. Qf2 Qc5 29. Ne4 Qb6 30. R4d2 Qxf2 31. Nxf2 Rxd5 32. Kg1 Nxh4 33. Rxd5 Bxd5
34. c4 Bc6 35. b3 Kf8 36. Ng4 Ng6 37. Rd4 Ke7 38. c5 Bd5 39. b4 a5 40. bxa5
Rxc5 41. a6 Rc7 42. Ne3 Ba8 43. Bb5 Nh4 44. Kf2 f6 45. Nc4 Nf5 46. Rd2 h5 47.
Nb6 Bd5 48. a7 Bb7 49. a8=Q Bxa8 50. Nxa8 Rb7 51. Bc6 Rb4 52. Rd7+ Kf8 53. a5
Rxf4+ 54. Ke1 Nd4 55. Bb7 h4 56. a6 h3 57. Nc7 Nb5 58. Nxb5 1-0

[Event "KLASYFIKACYJNY BIALYSTOK WIOSNA 2012"]
[Site "ZSI Nr 1 Bialystok"]
[Date "2012.??.??"]
[Round "4.1"]
[White "Kostyra, Stanislaw"]
[Black "Khamitskiy, Sergei"]
[Result "1/2-1/2"]
[WhiteElo "2287"]
[BlackElo "2284"]
[PlyCount "76"]
[EventDate "2012.??.??"]

1. d4 d5 2. Nf3 Nf6 3. c4 dxc4 4. e3 Bg4 5. Bxc4 e6 6. h3 Bh5 7. Nc3 a6 8. g4
Bg6 9. Ne5 Nbd7 10. Nxg6 hxg6 11. Bf1 c6 12. Bg2 Bd6 13. g5 Nd5 14. f4 Qe7 15.
O-O O-O-O 16. Bd2 Bc7 17. Rc1 Kb8 18. a3 f6 19. e4 Nxc3 20. bxc3 Qxa3 21. Ra1
Qb2 22. Qe2 Qb5 23. Qf3 Qb2 24. Be3 fxg5 25. Rfb1 Qc2 26. d5 gxf4 27. dxc6 fxe3
28. Rxb7+ Kc8 29. Qxe3 Nb6 30. Rxc7+ Kxc7 31. Rxa6 Qb1+ 32. Kh2 Ra8 33. Qf4+
Kxc6 34. e5+ Kc7 35. Qf7+ Nd7 36. Rxa8 Rxa8 37. Bxa8 Qb5 38. Qxg7 Qc4 1/2-1/2

[Event "KLASYFIKACYJNY BIALYSTOK WIOSNA 2012"]
[Site "ZSI Nr 1 Bialystok"]
[Date "2012.??.??"]
[Round "4.2"]
[White "Smirnov, Aleksander"]
[Black "Walewski, Wojciech"]
[Result "0-1"]
[WhiteElo "2164"]
[BlackElo "2075"]
[PlyCount "116"]
[EventDate "2012.??.??"]

1. e4 e5 2. Nf3 Nc6 3. d4 exd4 4. Nxd4 Nf6 5. Nc3 Bb4 6. Nxc6 bxc6 7. Bd3 d5 8.
exd5 cxd5 9. Qe2+ Qe7 10. Bb5+ Bd7 11. Bxd7+ Nxd7 12. Qxe7+ Kxe7 13. Bd2 Nf6
14. O-O-O Rhd8 15. Bg5 Bxc3 16. bxc3 Rd6 17. f3 h6 18. Bf4 Rc6 19. Be5 Rd8 20.
Rd4 Rd7 21. Ra4 a6 22. Rd1 Ne8 23. Ra5 f6 24. Bd4 g5 25. Bc5+ Ke6 26. Ba3 h5
27. h3 Ng7 28. g4 hxg4 29. fxg4 Ne8 30. Rd3 Rb6 31. Re3+ Kf7 32. Rf3 c6 33. c4
dxc4 34. Rxg5 Rb5 35. Rh5 Rxh5 36. gxh5 Rd5 37. Re3 c5 38. h6 Rh5 39. h7 Rxh7
40. Bxc5 Ng7 41. a4 Ne6 42. Bb4 Rh4 43. Be1 Rh5 44. Kb2 Nf4 45. Re4 Nxh3 46.
Rxc4 Rd5 47. Rc6 Re5 48. Bc3 Re6 49. Rc4 Ng5 50. a5 Ne4 51. Bd4 f5 52. Be3 Re5
53. Rc7+ Re7 54. Rc8 Re8 55. Rc4 Nd6 56. Rc3 Rxe3 57. Rc6 Re6 58. Kb3 Nb7 0-1

[Event "KLASYFIKACYJNY BIALYSTOK WIOSNA 2012"]
[Site "ZSI Nr 1 Bialystok"]
[Date "2012.??.??"]
[Round "4.3"]
[White "Borawski, Jakub"]
[Black "Szostko, Jakub"]
[Result "1/2-1/2"]
[WhiteElo "1926"]
[BlackElo "1740"]
[PlyCount "46"]
[EventDate "2012.??.??"]

1. e4 c5 2. Nf3 d6 3. d4 cxd4 4. Nxd4 Nf6 5. Nc3 a6 6. Be2 e5 7. Nb3 Be7 8. Be3
O-O 9. O-O Be6 10. Bf3 Qc7 11. a4 Nbd7 12. a5 Rac8 13. Qd2 Rfd8 14. Rfc1 h6 15.
Na4 Nc5 16. Nbxc5 dxc5 17. Qc3 Nd7 18. Be2 Qc6 19. f3 c4 20. Nb6 Nxb6 21. Bxb6
Bc5+ 22. Bxc5 Qxc5+ 23. Kf1 Rd4 1/2-1/2

[Event "KLASYFIKACYJNY BIALYSTOK WIOSNA 2012"]
[Site "ZSI Nr 1 Bialystok"]
[Date "2012.??.??"]
[Round "4.4"]
[White "Filimoniuk, Marcin"]
[Black "Burakowska, Gabriela"]
[Result "1-0"]
[WhiteElo "1749"]
[BlackElo "1619"]
[PlyCount "173"]
[EventDate "2012.??.??"]

1. f4 b6 2. Nf3 c5 3. e3 e6 4. c4 Qc7 5. Nc3 a6 6. d4 cxd4 7. exd4 Nf6 8. Be2
Bb7 9. O-O Be7 10. Qc2 d5 11. f5 exf5 12. Qxf5 O-O 13. Bf4 Qd7 14. Qc2 Nc6 15.
Rad1 Bd6 16. Ne5 Qe7 17. Qf5 Qc7 18. Ng4 Nxg4 19. Nxd5 Qd8 20. Qxg4 f5 21. Qg3
Bxf4 22. Qxf4 Ne7 23. Nxe7+ Qxe7 24. Bf3 Be4 25. Bxe4 fxe4 26. Qe5 Qh4 27. g3
Qg4 28. Rde1 Rfe8 29. Rf4 Qd7 30. Qd5+ Qxd5 31. cxd5 Rad8 32. Rexe4 Rxe4 33.
Rxe4 Rxd5 34. Kf2 Kf7 35. Ke3 Ra5 36. a3 Rb5 37. b4 Kf6 38. Kd3 a5 39. Kc4 Rh5
40. h4 b5+ 41. Kd3 axb4 42. axb4 Rd5 43. Rf4+ Ke6 44. Ke4 h6 45. Rf8 Rd7 46.
d5+ Kd6 47. Rb8 Rc7 48. Rb6+ Kd7 49. Rxb5 Rc4+ 50. Ke5 Rg4 51. d6 Rxg3 52. Rb7+
Kd8 53. Ke6 Re3+ 54. Kd5 Rd3+ 55. Kc6 Rc3+ 56. Kb6 Rc4 57. b5 Rxh4 58. Rxg7 Rd4
59. Rg6 h5 60. Kc5 Rd1 61. Rg5 h4 62. Rh5 Rc1+ 63. Kb6 Kd7 64. Rxh4 Kxd6 65.
Rd4+ Ke5 66. Rd7 Ke6 67. Rc7 Rb1 68. Kc6 Rb2 69. b6 Rc2+ 70. Kb7 Rb2 71. Rc4
Kd6 72. Ka7 Ra2+ 73. Kb7 Rg2 74. Rc1 Rf2 75. Kb8 Rb2 76. b7 Kd7 77. Rc7+ Kd8
78. Rc6 Ra2 79. Rd6+ Ke7 80. Rd5 Ke6 81. Rb5 Kd7 82. Rb3 Ra1 83. Rd3+ Ke7 84.
Rd5 Ra2 85. Kc7 Rc2+ 86. Kb6 Ke6 87. Rb5 1-0